000
00214 a2200097 4500
001
19934
100
_a
Dobb M
245
_a
Economic Growth and planning
260
_a
_b
Routledge & Kegan
_c
090
_c
14544
_d
14544
942
_a
NUST-CAE
_c
M
_c
5052
999
_c
255007
_d
255007